000 00585nam a2200205 4500
001 126887
003 ES-MaACL
005 20230906192911.0
007 t|
008 070214s1981 sp r ||||1| spa d
100 1 _aRibeiro, Darcy.
_996752
245 1 0 _aMaira /
_cDarcy Ribeiro ; traducción de Pablo del Barco.
260 _aMadrid :
_bAlfaguara,
_c1981.
300 _a315 p. ;
_c22 cm.
490 1 _aLiteratura Alfaguara
700 1 _aBarco, Pablo del.
_925561
830 0 _aLiteratura Alfaguara
_9178100
852 _aES-MaACL
_jL-1483
_bR.101751
999 _c126887
_d126887